| 000 | 01463nam a2200313 a 4500 | ||
|---|---|---|---|
| 001 | 000043513 | ||
| 005 | 20240313073818.0 | ||
| 008 | 140320s2007 dr r 001 0 spa d | ||
| 020 | _a9945412051 | ||
| 040 |
_aDO-SdBNP _bspa _cBNPHU |
||
| 082 |
_a341.377293 _bR426t |
||
| 110 | 1 |
_aRepública Dominicana _9447 |
|
| 240 | 1 | 0 | _a[Tratados, etc.] |
| 245 | 1 | 0 |
_aTratados y acuerdos internacionales de la República Dominicana / _ceditora Aida Montero; prólogo Rosa Campillo Celado. |
| 260 |
_aSanto Domingo : _bFUNGLODE/Centro de Documentación & Gestión del Conocimiento , _c2007. |
||
| 300 |
_av. ; _c26 cm. |
||
| 500 | _aLa biblioteca posee los volúmenes 4, 9, 11, 12, 13 | ||
| 505 | 0 |
_gv.4. _tTratados culturales -- _gv.9. _tTratados laborales -- _gv.11. _tTratados sobre propiedad intelectual _gv.12. _tTratados sanitarios y sustancias sicotrópicas _gv.13. _tSeguridad colectiva |
|
| 590 | _aInventariado, 2018/BT | ||
| 650 | 4 |
_aTratados comerciales _zRepública Dominicana _912395 |
|
| 650 | 4 |
_aNegociaciones comerciales _99612 |
|
| 651 | 4 |
_aRepública Dominicana _xRelaciones Exteriores _vTRATADOS _971218 |
|
| 651 | 4 |
_aRepública Dominicana _xTratados Internacionales _99650 |
|
| 651 | 4 |
_aRepública Dominicana _xPolítica Y Gobierno _vTRATADOS _971219 |
|
| 700 | 1 | 2 |
_aMontero, Aida, _eed. _910217 |
| 700 | 1 | 2 |
_aCampillo Celado, Rosa, _epról. _910218 |
| 710 | 2 | 2 |
_aFundación Global Democracía y Desarrollo _925477 |
| 910 | _aValidado. Control de calidad. MFF | ||
| 999 |
_c43002 _d43002 |
||